| 000 | 00392nam a2200145Ia 4500 | ||
|---|---|---|---|
| 008 | 200103s9999||||xx |||||||||||||| ||und|| | ||
| 020 | _a9789280114584 | ||
| 040 | _aIMU-MPC | ||
| 082 | _aColumn-5 | ||
| 100 | _aIMO | ||
| 245 | 0 | _aBLU Code : Code of practice for the safe loading and unloading of bulk carriers : including BLU manual. | |
| 260 |
_bIMO _c1998 |
||
| 300 | _av, 34 | ||
| 942 | _cBK | ||
| 999 |
_c3349 _d3349 |
||